| Tag |
First Indicator |
Second Indicator |
Subfields |
| LEADER |
00000cam a22000001 4500 |
| 001 |
in00000073366 |
| 005 |
20151008052530.0 |
| 008 |
730515s1965 nyu b 00010 eng |
| 010 |
|
|
|a 65020313
|
| 035 |
|
|
|a (OCoLC)00185810
|
| 035 |
|
|
|9 AAH3763AM
|
| 040 |
|
|
|a DLC
|c DLC
|d TXA
|d UtOrBLW
|
| 049 |
|
|
|a TXAM
|c [410634]
|
| 050 |
0 |
0 |
|a LB2310
|b .B7
|
| 082 |
1 |
|
|a 378.73
|
| 092 |
|
|
|a 378.73
|b B878a, 1965
|
| 100 |
1 |
|
|a Brown, Hugh Stuart,
|d 1901-
|
| 245 |
1 |
0 |
|a American higher education /
|c [by] Hugh S. Brown [and] Lewis B. Mayhew.
|
| 264 |
|
1 |
|a New York :
|b Center for Applied Research in Education,
|c [1965]
|
| 300 |
|
|
|a v, 117 pages ;
|c 24 cm.
|
| 336 |
|
|
|a text
|b txt
|2 rdacontent
|
| 337 |
|
|
|a unmediated
|b n
|2 rdamedia
|
| 338 |
|
|
|a volume
|b nc
|2 rdacarrier
|
| 490 |
1 |
|
|a The Library of education
|
| 504 |
|
|
|a Bibliography: page 111.
|
| 650 |
|
0 |
|a Universities and colleges
|z United States.
|
| 650 |
|
0 |
|a Education, Higher.
|
| 700 |
1 |
|
|a Mayhew, Lewis B.
|
| 830 |
|
0 |
|a Library of education.
|
| 999 |
|
|
|a MARS
|
| 999 |
f |
f |
|s a9566448-5b28-3494-a65d-b7aece22b2a1
|i 20409a54-3d94-3643-9371-b949d7bbada1
|t 0
|
| 952 |
f |
f |
|p normal
|a Texas A&M University
|b College Station
|c Sterling C. Evans Library
|d Evans: Library Stacks
|t 0
|e LB2310 .B7
|h Library of Congress classification
|i unmediated -- volume
|m A14800864273
|
| 998 |
f |
f |
|a LB2310 .B7
|t 0
|l Evans: Library Stacks
|